书目信息 |
| 题名: |
语法讲义
|
|
| 作者: | 朱德熙 编 | |
| 分册: | ||
| 出版信息: | 北京 商务印书馆 1982.09 |
|
| 页数: | 231页 | |
| 开本: | 32开 | |
| 丛书名: | ||
| 单 册: | ||
| 中图分类: | H14 | |
| 科图分类: | ||
| 主题词: | 汉语--语法 | |
| 电子资源: | ||
| ISBN: | 7-100-02001-8 | |
| 000 | 00514nam0 2200193 45 | |
| 001 | 0009211608 | |
| 005 | 20000921163413.3 | |
| 010 | @a7-100-02001-8@d10.50元 | |
| 100 | @a20000921d1982 km y0chiy0120 ea | |
| 101 | 0 | @achi |
| 105 | @a z 000yy | |
| 200 | 1 | @a语法讲义@AYu Fa Jiang Yi@f朱德熙编@FZhu De Xi Bian |
| 210 | @a北京@c商务印书馆@d1982.09 | |
| 215 | @a231页@d32开 | |
| 606 | 0 | @a汉语@x语法 |
| 690 | @aH14@v3 | |
| 701 | 0 | @a朱德熙@4编 |
| 801 | @aCN@bPftUser@c20000921 | |
| 905 | @b149713-714@dH14@eZH884@f2 | |
| 语法讲义/朱德熙编.-北京:商务印书馆,1982.09 |
| 231页;32开 |
| ISBN 7-100-02001-8:10.50元 |
| ● |
| 相关链接 |
|
|
|
正题名:语法讲义
索取号:H14/ZH884
 
预约/预借
| 序号 | 登录号 | 条形码 | 馆藏地/架位号 | 状态 | 备注 |
| 1 | 149713 | 201497139 | 语言库209/209语言库 73排3列1层/ [索取号:H14/ZH884] | 在馆 | |
| 2 | 149714 | 201497148 | 语言库209/209语言库 73排2列5层/ [索取号:H14/ZH884] | 在馆 |